Aston Villa Biggest Transfers - Statistics

General Stats
  • This quiz has been taken 80 times
    26 since last reset
  • The average score is 87 of 251
Answer Stats
% Correct
Arrivals Belgium DM 22 Amadou Onana 24/25 Everton €59.35m
100%
Arrivals Spain CB 26 Pau Torres 23/24 Villarreal €33.00m
100%
Arrivals Netherlands LB 22 Ian Maatsen 24/25 Chelsea €44.50m
95%
Arrivals Jamaica RW 23 Leon Bailey 21/22 Bayer Leverkusen €32.00m
95%
Arrivals France RW 24 Moussa Diaby 23/24 Bayer Leverkusen €55.00m
95%
Departures France RW 25 Moussa Diaby 24/25 Al-Ittihad €60.00m
95%
Arrivals England ST 24 Ollie Watkins 20/21 Brentford €34.00m
95%
Arrivals Argentina AM 24 Emiliano Buendía 21/22 Norwich City €38.40m
91%
Arrivals Colombia ST 19 Jhon Durán 22/23 Chicago Fire €29.50m
91%
Departures Colombia ST 21 Jhon Durán 24/25 Al-Nassr €77.00m
91%
Arrivals France LB 28 Lucas Digne 21/22 Everton €30.00m
91%
Arrivals Argentina GK 28 Emiliano Martínez 20/21 Arsenal €17.40m
86%
Arrivals England CB 26 Tyrone Mings 19/20 Bournemouth €22.30m
86%
Arrivals Brazil DM 21 Douglas Luiz 19/20 Manchester City €16.80m
82%
Departures Brazil DM 26 Douglas Luiz 24/25 Juventus €51.50m
82%
Arrivals England CB 21 Ezri Konsa 19/20 Brentford €13.30m
82%
Arrivals Poland RB 23 Matty Cash 20/21 Nottingham Forest €15.75m
82%
Arrivals England ST 26 Darren Bent 10/11 Sunderland €21.50m
77%
Departures England ST 29 Darren Bent 13/14 Fulham €2.40m
77%
Arrivals Brazil CB 29 Diego Carlos 22/23 Sevilla €31.00m
77%
Departures Brazil CB 31 Diego Carlos 24/25 Fenerbahçe €11.47m
77%
Arrivals Netherlands RW 25 Donyell Malen 24/25 Borussia Dortmund €25.00m
77%
Arrivals Brazil AM 30 Philippe Coutinho 22/23 Barcelona €20.00m
77%
Arrivals Burkina Faso RW 25 Bertrand Traoré 20/21 Lyon €18.40m
73%
Arrivals England ST 29 Danny Ings 21/22 Southampton €29.40m
73%
Departures England ST 30 Danny Ings 22/23 West Ham United €12.00m
73%
Departures England LW 25 Jack Grealish 21/22 Manchester City €117.50m
73%
Arrivals England LW 22 Jaden Philogene 24/25 Hull City €16.00m
73%
Departures England LW 22 Jaden Philogene 24/25 Ipswich Town €23.70m
73%
Departures England LW 21 Jaden Philogene 23/24 Hull City €5.80m
73%
Arrivals England AM 21 Morgan Rogers 23/24 Middlesbrough €9.40m
73%
Arrivals Spain RW 19 Adama Traoré 15/16 Barcelona €10.00m
68%
Departures Spain RW 20 Adama Traoré 16/17 Middlesbrough €8.25m
68%
Arrivals Spain LB 29 Àlex Moreno 22/23 Real Betis €13.50m
68%
Arrivals England ST 22 Cameron Archer 24/25 Sheffield United €16.65m
68%
Departures England ST 21 Cameron Archer 23/24 Sheffield United €21.55m
68%
Departures England ST 22 Cameron Archer 24/25 Southampton €17.60m
68%
Arrivals Belgium ST 21 Christian Benteke 12/13 Genk €8.80m
68%
Departures Belgium ST 24 Christian Benteke 15/16 Liverpool €46.50m
68%
Departures Trinidad & Tobago ST 26 Dwight Yorke 98/99 Manchester United €19.25m
68%
Arrivals Belgium DM 27 Leander Dendoncker 22/23 Wolverhampton Wanderers €15.00m
64%
Departures England DM 28 Gareth Barry 09/10 Manchester City €13.90m
59%
Arrivals England RM 22 James Milner 08/09 Newcastle United €15.00m
59%
Departures England RM 24 James Milner 10/11 Manchester City €22.00m
59%
Arrivals Brazil ST 22 Wesley Moraes 19/20 Club Brugge €25.00m
59%
Arrivals England LB 23 Matt Targett 19/20 Southampton €15.50m
55%
Departures England LB 26 Matt Targett 22/23 Newcastle United €17.50m
55%
Departures England AM 18 Omari Kellyman 24/25 Chelsea €22.50m
55%
Arrivals England LM 20 Samuel Iling-Junior 24/25 Juventus €14.00m
55%
Arrivals England LM 21 Ashley Young 06/07 Watford €13.20m
50%
Departures England LM 25 Ashley Young 11/12 Manchester United €18.00m
50%
Arrivals England RB 29 Luke Young 08/09 Middlesbrough €3.00m
50%
Departures England RB 32 Luke Young 11/12 Queens Park Rangers €1.13m
50%
Arrivals France CM 26 Morgan Sanson 20/21 Marseille €15.80m
50%
Departures France CM 29 Morgan Sanson 24/25 Nice €4.00m
50%
Arrivals Italy AM 24 Nicolò Zaniolo 23/24 Galatasaray €5.00m
50%
Arrivals England ST 21 Peter Crouch 01/02 Portsmouth €7.50m
50%
Departures England ST 23 Peter Crouch 04/05 Southampton €3.00m
50%
Arrivals England CM 30 Ross Barkley 24/25 Luton Town €5.90m
50%
Arrivals France CB 26 Axel Disasi 24/25 Chelsea €6.00m
45%
Arrivals Egypt LW 24 Trézéguet 19/20 Kasımpaşa €10.00m
45%
Departures Egypt LW 27 Trézéguet 22/23 Trabzonspor €4.00m
45%
Departures England AM 20 Aaron Ramsey 23/24 Burnley €16.45m
41%
Arrivals Netherlands RW 24 Anwar El Ghazi 19/20 Lille €9.00m
41%
Arrivals Netherlands RW 23 Anwar El Ghazi 18/19 Lille €2.00m
41%
Departures Netherlands RW 27 Anwar El Ghazi 22/23 PSV €2.50m
41%
Departures England AM 18 Carney Chukwuemeka 22/23 Chelsea €18.00m
41%
Arrivals Argentina DM 23 Enzo Barrenechea 24/25 Juventus €8.00m
41%
Arrivals Senegal DM 25 Idrissa Gueye 15/16 Lille €9.00m
41%
Departures Senegal DM 26 Idrissa Gueye 16/17 Everton €8.50m
41%
Arrivals Colombia ST 25 Juan Pablo Ángel 00/01 River Plate €14.40m
41%
Arrivals Czech Republic ST 23 Milan Baroš 05/06 Liverpool €8.84m
41%
Departures Czech Republic ST 25 Milan Baroš 06/07 Lyon €2.50m
41%
Departures England DM 21 Tim Iroegbunam 24/25 Everton €10.70m
41%
Arrivals Spain RB 21 Andrés García 24/25 Levante €7.00m
36%
Arrivals Cameroon DM 23 Eric Djemba-Djemba 04/05 Manchester United €2.54m
36%
Arrivals England CM 19 Fabian Delph 09/10 Leeds United €9.50m
36%
Departures England CM 25 Fabian Delph 15/16 Manchester City €11.50m
36%
Arrivals England CB 24 Gareth Southgate 95/96 Crystal Palace €3.75m
36%
Departures England CB 30 Gareth Southgate 01/02 Middlesbrough €9.75m
36%
Departures England ST 25 Keinan Davis 23/24 Udinese €2.30m
36%
Arrivals Tanzania ST 27 Mbwana Samatta 19/20 Genk €10.50m
36%
Departures Tanzania ST 28 Mbwana Samatta 21/22 Fenerbahçe €6.00m
36%
Arrivals Italy GK 21 Pierluigi Gollini 16/17 Hellas Verona €5.00m
36%
Departures Italy GK 23 Pierluigi Gollini 18/19 Atalanta €4.40m
36%
Arrivals Sweden GK 32 Robin Olsen 22/23 Roma €3.50m
36%
Arrivals Ireland GK 35 Shay Given 11/12 Manchester City €3.75m
36%
Departures Northern Ireland CM 22 Steven Davis 07/08 Fulham €5.90m
36%
Arrivals Bulgaria CM 27 Stiliyan Petrov 06/07 Celtic €10.00m
36%
Arrivals England GK 33 Tom Heaton 19/20 Burnley €8.80m
36%
Arrivals Belgium CB 24 Björn Engels 19/20 Stade Reims €8.00m
32%
Departures Belgium CB 26 Björn Engels 21/22 Royal Antwerp €3.50m
32%
Arrivals United States GK 37 Brad Friedel 08/09 Blackburn Rovers €2.50m
32%
Departures Ireland CB 26 Ciaran Clark 16/17 Newcastle United €6.00m
32%
Arrivals Sierra Leone CB 23 Curtis Davies 08/09 West Bromwich Albion €10.00m
32%
Departures Sierra Leone CB 25 Curtis Davies 10/11 Birmingham City €4.00m
32%
Arrivals England GK 28 David James 98/99 Liverpool €2.40m
32%
Departures England GK 30 David James 01/02 West Ham United €4.80m
32%
Arrivals France RB 24 Frédéric Guilbert 18/19 Caen €5.00m
32%
Arrivals Ireland DM 33 Glenn Whelan 17/18 Stoke City €1.70m
32%
Arrivals Scotland CM 23 John McGinn 18/19 Hibernian €3.10m
32%
Arrivals Ghana ST 23 Jordan Ayew 15/16 Lorient €12.00m
32%
Departures Ghana ST 25 Jordan Ayew 16/17 Swansea City €5.80m
32%
Arrivals England LW 21 Lewis Dobbin 24/25 Everton €11.80m
32%
Arrivals Zimbabwe DM 25 Marvelous Nakamba 19/20 Club Brugge €12.00m
32%
Departures Zimbabwe DM 29 Marvelous Nakamba 23/24 Luton Town €2.90m
32%
Arrivals Australia DM 32 Mile Jedinak 16/17 Crystal Palace €4.60m
32%
Arrivals Sweden CB 23 Olof Mellberg 01/02 Racing Santander €6.80m
32%
Arrivals Netherlands CB 27 Ron Vlaar 12/13 Feyenoord €3.80m
32%
Arrivals England ST 26 Stan Collymore 97/98 Liverpool €10.50m
32%
Arrivals Ireland AM 23 Stephen Ireland 10/11 Manchester City €9.70m
32%
Arrivals England LM 24 Stewart Downing 09/10 Middlesbrough €13.00m
32%
Departures England LM 26 Stewart Downing 11/12 Liverpool €22.80m
32%
Arrivals Scotland RB 26 Alan Hutton 11/12 Tottenham Hotspur €4.50m
27%
Arrivals Ireland CM 25 Conor Hourihane 16/17 Barnsley €3.50m
27%
Arrivals England ST 31 Emile Heskey 08/09 Wigan Athletic €3.70m
27%
Departures England CB 22 Gary Cahill 07/08 Bolton Wanderers €6.00m
27%
Arrivals France LB 21 Jordan Amavi 15/16 Nice €11.00m
27%
Departures France LB 24 Jordan Amavi 18/19 Marseille €10.00m
27%
Departures France LB 23 Jordan Amavi 17/18 Marseille €2.00m
27%
Arrivals France CM 22 Jordan Veretout 15/16 Nantes €10.00m
27%
Departures France CM 24 Jordan Veretout 17/18 Fiorentina €7.00m
27%
Arrivals England CB 23 Kortney Hause 19/20 Wolverhampton Wanderers €3.40m
27%
Arrivals Serbia RB 18 Kosta Nedeljković 23/24 Crvena Zvezda €7.60m
27%
Departures Curaçao RB 25 Leandro Bacuna 17/18 Reading €1.50m
27%
Arrivals Czech Republic ST 24 Libor Kozák 13/14 Lazio €6.50m
27%
Arrivals Denmark CB 26 Martin Laursen 04/05 Milan €5.30m
27%
Arrivals Peru RM 29 Nolberto Solano 03/04 Newcastle United €2.00m
27%
Departures Peru RM 30 Nolberto Solano 05/06 Newcastle United €2.25m
27%
Arrivals Norway GK 27 Ørjan Nyland 18/19 Ingolstadt €3.00m
27%
Arrivals Ireland CB 29 Richard Dunne 09/10 Manchester City €6.80m
27%
Arrivals Belgium RB 27 Ritchie De Laet 16/17 Leicester City €2.30m
27%
Arrivals Scotland ST 29 Ross McCormack 16/17 Fulham €14.30m
27%
Arrivals England LW 26 Scott Sinclair 15/16 Manchester City €3.50m
27%
Departures England LW 27 Scott Sinclair 16/17 Celtic €4.10m
27%
Departures Northern Ireland CB 27 Aaron Hughes 07/08 Fulham €1.50m
23%
Arrivals Ghana RW 28 Albert Adomah 16/17 Middlesbrough €3.50m
23%
Arrivals Bulgaria LW 23 Aleksandar Tonev 13/14 Lech Poznań €3.20m
23%
Arrivals France LB 26 Aly Cissokho 14/15 Valencia €2.50m
23%
Departures Austria AM 23 Andreas Weimann 15/16 Derby County €3.80m
23%
Arrivals England DM 22 Ashley Westwood 12/13 Crewe Alexandra €2.50m
23%
Departures England DM 26 Ashley Westwood 16/17 Burnley €5.80m
23%
Departures Scotland CM 23 Barry Bannan 13/14 Crystal Palace €2.10m
23%
Arrivals Spain AM 22 Carles Gil 14/15 Valencia €4.20m
23%
Departures Spain AM 25 Carles Gil 18/19 Deportivo La Coruña €1.75m
23%
Arrivals Spain CB 26 Carlos Cuéllar 08/09 Rangers €10.00m
23%
Arrivals Colombia DM 28 Carlos Sánchez 14/15 Elche €6.00m
23%
Departures Colombia DM 31 Carlos Sánchez 17/18 Fiorentina €3.00m
23%
Arrivals France RW 25 Charles N'Zogbia 11/12 Wigan Athletic €10.80m
23%
Departures England CM 23 Craig Gardner 09/10 Birmingham City €3.50m
23%
Departures England ST 25 Darius Vassell 05/06 Manchester City €3.60m
23%
Departures England AM 25 David Platt 91/92 Bari €8.25m
23%
Arrivals Wales ST 28 Dean Saunders 92/93 Liverpool €2.85m
23%
Departures Wales ST 31 Dean Saunders 95/96 Galatasaray €2.68m
23%
Arrivals England ST 29 Dion Dublin 98/99 Coventry City €8.60m
23%
Departures Ireland AM 23 Finn Azaz 23/24 Middlesbrough €2.90m
23%
Arrivals Wales CB 26 James Collins 09/10 West Ham United €5.70m
23%
Departures Wales CB 28 James Collins 12/13 West Ham United €3.20m
23%
Arrivals Cameroon DM 27 Jean Makoun 10/11 Lyon €6.20m
23%
Departures Cameroon DM 30 Jean Makoun 13/14 Stade Rennais €3.00m
23%
Departures Cameroon DM 28 Jean Makoun 11/12 Olympiacos €1.55m
23%
Arrivals Ivory Coast ST 26 Jonathan Kodjia 16/17 Bristol City €12.80m
23%
Departures Ivory Coast ST 30 Jonathan Kodjia 19/20 Al-Gharafa €3.00m
23%
Arrivals Denmark CB 20 Jores Okore 13/14 Nordsjælland €4.70m
23%
Arrivals England ST 27 Marlon Harewood 07/08 West Ham United €5.50m
23%
Arrivals England RB 23 Matt Lowton 12/13 Sheffield United €3.75m
23%
Departures England RB 26 Matt Lowton 15/16 Burnley €1.40m
23%
Arrivals England LB 27 Nicky Shorey 08/09 Reading €4.40m
23%
Departures England LB 29 Nicky Shorey 10/11 West Bromwich Albion €1.80m
23%
Arrivals England DM 23 Nigel Reo-Coker 07/08 West Ham United €12.50m
23%
Arrivals Benin ST 26 Rudy Gestede 15/16 Blackburn Rovers €8.50m
23%
Departures Benin ST 28 Rudy Gestede 16/17 Middlesbrough €7.10m
23%
Arrivals Ireland ST 24 Scott Hogan 16/17 Brentford €10.50m
23%
Departures Ireland ST 28 Scott Hogan 20/21 Birmingham City €2.77m
23%
Arrivals England LB 27 Stephen Warnock 09/10 Blackburn Rovers €9.00m
23%
Arrivals England CM 25 Steve Sidwell 08/09 Chelsea €6.30m
23%
Arrivals England RB 24 Steve Watson 98/99 Newcastle United €6.00m
23%
Departures England RB 26 Steve Watson 00/01 Everton €3.75m
23%
Arrivals Denmark GK 27 Thomas Sørensen 03/04 Sunderland €3.00m
23%
Arrivals Netherlands LB 27 Wilfred Bouma 05/06 PSV €4.70m
23%
Arrivals England CB 27 Zat Knight 07/08 Fulham €4.70m
23%
Departures England CB 29 Zat Knight 09/10 Bolton Wanderers €4.70m
23%
Departures Scotland ST 26 Alan McInally 89/90 Bayern Munich €1.65m
18%
Arrivals Ireland CM 29 Andy Townsend 93/94 Chelsea €2.40m
18%
Arrivals Spain LB 22 Antonio Luna 13/14 Sevilla €2.00m
18%
Arrivals England ST 23 Dalian Atkinson 91/92 Real Sociedad €2.00m
18%
Arrivals England CM 26 Henri Lansbury 16/17 Nottingham Forest €3.40m
18%
Arrivals Wales CB 27 James Chester 16/17 West Bromwich Albion €9.30m
18%
Arrivals England LB 22 Joe Bennett 12/13 Middlesbrough €3.15m
18%
Arrivals Spain RW 28 Jota Peleteiro 19/20 Birmingham City €4.50m
18%
Arrivals Morocco DM 27 Karim El Ahmadi 12/13 Feyenoord €2.80m
18%
Departures England ST 33 Kevin Phillips 06/07 West Bromwich Albion €1.05m
18%
Arrivals Croatia GK 28 Lovre Kalinić 18/19 Gent €6.00m
18%
Departures England ST 22 Luke Moore 08/09 West Bromwich Albion €3.75m
18%
Arrivals Morocco AM 29 Mustapha Hadji 01/02 Coventry City €4.00m
18%
Departures England CB 26 Nathan Baker 17/18 Bristol City €4.33m
18%
Arrivals England RM 30 Paul Merson 98/99 Middlesbrough €6.75m
18%
Departures Scotland AM 25 Shaun Maloney 08/09 Celtic €3.10m
18%
Arrivals England CB 28 Tommy Elphick 16/17 Bournemouth €3.90m
18%
Arrivals England ST 23 Tommy Johnson 94/95 Derby County €2.18m
18%
Departures England ST 26 Tommy Johnson 96/97 Celtic €3.45m
18%
Departures England CB 27 Ugo Ehiogu 00/01 Middlesbrough €12.20m
18%
Departures Finland GK 22 Viljami Sinisalo 24/25 Celtic €1.20m
18%
Arrivals Mali DM 22 Yacouba Sylla 12/13 Clermont Foot €2.40m
18%
Departures Mali DM 24 Yacouba Sylla 15/16 Stade Rennais €1.50m
18%
Arrivals DR Congo CM 21 Aaron Tshibola 16/17 Reading €5.90m
14%
Arrivals Turkey CB 27 Alpay Özalan 00/01 Siirt Jetpa €6.72m
14%
Departures Scotland ST 23 Andy Gray 79/80 Wolverhampton Wanderers €3.00m
14%
Arrivals Iceland CM 28 Birkir Bjarnason 16/17 Basel €2.00m
14%
Departures Portugal RB 26 Fernando Nélson 98/99 Porto €1.13m
14%
Arrivals England CM 25 Gavin McCann 03/04 Sunderland €3.38m
14%
Departures England CM 29 Gavin McCann 07/08 Bolton Wanderers €1.50m
14%
Arrivals Netherlands DM 23 George Boateng 99/00 Coventry City €6.20m
14%
Departures Netherlands DM 26 George Boateng 02/03 Middlesbrough €6.90m
14%
Arrivals Senegal RB 31 Habib Beye 09/10 Newcastle United €2.90m
14%
Arrivals England RB 19 James Bree 16/17 Barnsley €3.50m
14%
Departures England CB 23 Liam Ridgewell 07/08 Birmingham City €3.00m
14%
Arrivals England RW 23 Wayne Routledge 07/08 Tottenham Hotspur €1.70m
14%
Arrivals Turkey CB 19 Yasin Özcan 25/26 Kasımpaşa €7.00m
14%
Departures England LB 20 Ben Chrisene 24/25 Norwich City €1.80m
9%
Arrivals Croatia ST 22 Boško Balaban 01/02 Dinamo Zagreb €7.80m
9%
Arrivals England LB 24 David Unsworth 98/99 West Ham United €4.60m
9%
Departures England LB 24 David Unsworth 98/99 Everton €4.60m
9%
Arrivals England RB 24 Earl Barrett 91/92 Oldham Athletic €2.50m
9%
Departures England RB 27 Earl Barrett 94/95 Everton €2.50m
9%
Arrivals England ST 21 Julian Joachim 95/96 Leicester City €2.10m
9%
Arrivals Sweden ST 28 Marcus Allbäck 02/03 Heerenveen €3.00m
9%
Arrivals England CM 24 Mark Draper 95/96 Leicester City €4.88m
9%
Departures England CM 30 Mark Draper 01/02 Southampton €2.25m
9%
Departures England CB 22 Neil Cox 94/95 Middlesbrough €1.40m
9%
Arrivals Egypt LW 18 Omar Khedr 24/25 ZED €2.76m
9%
Arrivals England RM 27 Steve Stone 98/99 Nottingham Forest €8.00m
9%
Arrivals Ireland ST 27 Tony Cascarino 89/90 Millwall €2.23m
9%
Departures Ireland ST 28 Tony Cascarino 91/92 Celtic €1.75m
9%
Departures England RW 26 Tony Daley 94/95 Wolverhampton Wanderers €1.50m
9%
Arrivals Ecuador RB 28 Ulises de la Cruz 02/03 Hibernian €2.70m
9%
Arrivals England LM 24 Alan Thompson 98/99 Bolton Wanderers €7.20m
5%
Departures England LM 26 Alan Thompson 00/01 Celtic €4.40m
5%
Departures England AM 15 Daniel Crowley 13/14 Arsenal €1.00m
5%
Departures Ireland LM 21 Gareth Farrelly 97/98 Everton €1.05m
5%
Departures England RB 28 Gary Charles 98/99 Benfica €1.00m
5%
Departures England ST 21 Graham Fenton 95/96 Blackburn Rovers €1.50m
5%
Arrivals England ST 28 Guy Whittingham 93/94 Portsmouth €1.80m
5%
Departures England ST 30 Guy Whittingham 94/95 Sheffield Wednesday €1.00m
5%
Departures England CB 23 Martin Keown 89/90 Everton €1.00m
5%
Arrivals France DM 24 Mathieu Berson 04/05 Nantes €2.30m
5%
Departures England CB 24 Riccardo Scimeca 99/00 Nottingham Forest €4.50m
5%
Arrivals Serbia AM 24 Saša Ćurčić 96/97 Bolton Wanderers €6.00m
5%
Departures Serbia AM 26 Saša Ćurčić 97/98 Crystal Palace €1.50m
5%
Arrivals Netherlands GK 25 Stefan Postma 02/03 De Graafschap €2.23m
5%
Departures England LW 21 Steve Froggatt 94/95 Wolverhampton Wanderers €1.20m
5%
No matching quizzes found
Score Distribution
Percent of People with Each Score
Percentile by Number Answered
Your Score History
You have not taken this quiz since the last reset